Statistiques concernant Les Villes de Bourgogne Franche-Comté

Cliquez ici pour prendre le quiz!

Statistiques générales

  • Ce quiz a été pris 129 fois
  • Le résultat moyen est 11 sur 15

Statistiques - réponses

HintRéponse% Correct
Capitale de la BourgogneDijon
98%
Capitale de la Franche-ComtéBesançon
97%
Ville du LionBelfort
90%
Chef lieu de la NièvreNevers
90%
La préfecture de Saône et LoireMâcon
89%
Chef lieu de l'YonneAuxerre
88%
Préfecture de la Haute-SaôneVesoul
83%
Ville de l'automobileMontbéliard
70%
Ancienne capitale de Franche-Comté jusqu'en 1676Dole
67%
Ma chérie t'y est a contre- ...Sens
63%
Possède un marteau-pilonLe Creusot
59%
Anis dePontarlier
54%
Chef lieu du JuraLons-le-Saunier
52%
4ème ville la plus peuplé de la regionChalon-sur-Saône
45%
Ancienne ville minièresMontceau-les-Mines
37%

Distribution des résultats

Percentile par nombre de réponses

% des personnes avec chaque résultat

Votre développement - résultats

Vous n’avez pas pris ce quiz